Statistiques concernant Capitale Américaines

Cliquez ici pour prendre le quiz!

Statistiques générales

  • Ce quiz a été pris 635 fois
  • Le résultat moyen est 24 sur 35

Statistiques - réponses

PaysCapitales% Correct
BrésilBrasilia
97%
Etats-UnisWashington
97%
MexiqueMexico
96%
ArgentineBuenos Aires
95%
CanadaOttawa
94%
PérouLima
92%
ChiliSantiago
89%
CubaLa Havane
88%
PanamaPanama
87%
ColombieBogota
85%
UruguayMontevideo
83%
BolivieSucre
81%
VenezuelaCaracas
80%
EquateurQuito
78%
GuatemalaGuatemala
77%
JamaïqueKingston
76%
SalvadorSan Salvador
73%
HaïtiPort-au-Prince
72%
Costa RicaSan José
70%
ParaguayAsunción
68%
République DominicaineSaint-Domingue
67%
GuyanaGeorgetown
61%
SurinameParamaribo
58%
HondurasTegucigalpa
58%
NicaraguaManagua
57%
BelizeBelmopan
55%
BahamasNassau
55%
Saint-Vincent-et-les-GrenadinesKingstown
50%
Trinité-et-TobagoPort d'Espagne
47%
Antigua-et-BarbudaSaint John's
46%
DominiqueRoseau
44%
Saint-LucieCastries
43%
BarbadeBridgetown
39%
GrenadeSaint George's
37%
Saint-Christophe-et-NiévèsBasseterre
35%

Distribution des résultats

Percentile par nombre de réponses

% des personnes avec chaque résultat

Votre développement - résultats

Vous n’avez pas pris ce quiz